Clash royale 1 elixir cards - Statistics

General Stats
  • This quiz has been taken 51 times
  • The average score is 5 of 5
Answer Stats
Answer % Correct
Ice spirit
98%
Fire spirit
96%
Heal spirit
96%
Skeletons
96%
Electro spirit
91%
No matching quizzes found
Score Distribution
Percent of People with Each Score
Percentile by Number Answered
Your Score History
You have not taken this quiz